Statistics for shades of green

Click here to take the quiz!

General Stats

  • This quiz has been taken 18 times
  • The average score is 6 of 8

Answer Stats

Answer% Correct
lime green
100%
emerald green
89%
jade green
83%
mint green
83%
olive green
72%
sea green
67%
forest green
61%
paris green
28%

Score Distribution

Percentile by Number Answered

Percent of People with Each Score

Your Score History

You have not taken this quiz